000 00503cam a2200193ua 4500
001 3538
008 111121n ii |||gr||||Z||||||asm
040 _cMAIN
082 _a410
100 _aKonwar, Arpana,
_eEditor.,
245 1 1 _aBhasa bijnan paribhhasik kos
_cby Arpana Konwar
250 _a1st.
260 _aDibrugarh:
_bDept. of Assamese,
_c2008.
300 _a279p:
_c23cm.
653 _aAssamese
653 _aBhasa bijnan paribhhasik kos
700 _aSarma, Anuradha,
_eEditor.,
942 _cBK
999 _c3379
_d3379